Pokémon PWT-Tournoi Expert par type - Statistiques

Statistiques générales
  • Ce quiz a été pris 334 fois
  • Le résultat moyen est 253 sur 335
Statistiques - réponses
Tournois Dresseurs Pokémon % Correct
Dracolosse
97%
Drattak
97%
Mackogneur
97%
Magnézone
97%
Tournoi Expert Acier Jasmine Steelix
97%
Tortank
97%
Charles Bastiodon
94%
Tournoi Expert Insecte Hector Cizayox
94%
Kicklee
94%
Tournoi Expert Glace Frédo Mammochon
94%
Tournoi Expert Électrique Major Bob Raichu
94%
Tournoi Expert Eau | Ondine Staross
94%
Tygnon
94%
Tournoi Expert Psy Morgane Alakazam
91%
Tournoi Expert Feu Auguste Arcanin
91%
Dracaufeu
91%
Drakkarmin
91%
Grolem
91%
Lucario
91%
Tournoi Expert Combat Chuck Tartard
91%
Voltali
91%
Blizzaroi
88%
Braségali
88%
Carchacrok
88%
Ectoplasma
88%
Voltère Élecsprint
88%
Élekable
88%
Emolga
88%
Florizarre
88%
Noa Flotoutan
88%
Givrali
88%
Bastien Hariyama
88%
Tournoi Expert Dragon Juan | Sandra Hyporoi
88%
Kapoera
88%
Lamantine
88%
Léviator
88%
Pingoléon
88%
Rhinastoc
88%
Tatia Séléroc
88%
Simiabraz
88%
Lévy Solaroc
88%
Roxanne Tarinorme
88%
Torterra
88%
Altaria
85%
Charmina
85%
Adriane Chartor
85%
Dimoret
85%
Électrode
85%
Lokhlass
85%
Maganon
85%
Gladys Momartik
85%
Norman Monaflèmit
85%
Tournoi Expert Roche Pierre Onix
85%
Pharamp
85%
Ptéra
85%
Tournoi Expert Plante Erika Rafflesia
85%
Roigada
85%
Roitiflam
85%
Tournoi Expert Vol Albert Roucarnage
85%
Smogogo
85%
Trioxhydre
85%
Inezia Zéblitz
85%
Archéodong
82%
Strykna | Vénérable Brutapode
82%
Camérupt
82%
Pierrick Charkos
82%
Crustabri
82%
Démolosse
82%
Tournoi Expert Normal Blanche Écrémeuh
82%
Feunard
82%
Armando Flamoutan
82%
Zhu Hexagel
82%
Kabutops
82%
Lippoutou
82%
Luxray
82%
Maraiste
82%
Nidoking
82%
Nidoqueen
82%
Nostenfer
82%
Polagriffe
82%
Pyroli
82%
Scarhino
82%
Watson Tranchodon
82%
Airmure
79%
Bétochef
79%
Rachid Feuiloutan
79%
Kaimorse
79%
Carolina Lakmécygne
79%
Métalosse
79%
Minotaupe
79%
Motisma Chaleur
79%
Motisma Hélice
79%
Motisma Lavage
79%
Moyade
79%
Lovis Mustéflott
79%
Ohmassacre
79%
Oniglali
79%
Flo Roserade
79%
Scarabrute
79%
Tarpaud
79%
Darumacho
76%
Empiflor
76%
Foretress
76%
Galeking
76%
Gallame
76%
Lugulabre
76%
Magirêve
76%
Artie Manternel
76%
Tcheren Mastouffe
76%
Mentali
76%
Sidérella
76%
Sorbouboul
76%
Symbios
76%
Tauros
76%
Tyranocif
76%
Clamiral
73%
Gardevoir
73%
Grotadmorv
73%
Lanturn
73%
Libégon
73%
Majaspic
73%
Aloé Miradar
73%
Noacier
73%
Porygon-Z
73%
Sharpedo
73%
Wailord
73%
Tournoi Expert Poison Jeannine Aéromite
70%
Aflamanoir
70%
Bouldeneu
70%
Crocorible
70%
Ludicolo
70%
Noctali
70%
Phyllali
70%
Relicanth
70%
Scorvol
70%
Shaofouine
70%
Yanméga
70%
Armaldo
67%
Baggaïd
67%
Barbicha
67%
Colhomard
67%
Étouraptor
67%
Hippodocus
67%
Kangourex
67%
Limonde
67%
Noadkoko
67%
Noctunoir
67%
Tentacruel
67%
Ursaring
67%
Vacilys
67%
Apireine
64%
Brouhabam
64%
Crapustule
64%
Drascore
64%
Fermite
64%
Mégapagos
64%
Spiritomb
64%
Branette
61%
Chapignon
61%
Coatox
61%
Gueriaigle
61%
Kaorine
61%
Mygavolt
61%
Ténéfix
61%
Tritosor
61%
Xatu
61%
Topdresseur Absol
58%
Azumarill
58%
Coudlangue
58%
Cryptéro
58%
Grodrive
58%
Haydaim
58%
Hélédelle
58%
Leuphorie
58%
Limaspeed
58%
Lockpin
58%
Morphéo
58%
Pashmilla
58%
Scalproie
58%
Tengalice
58%
Tropius
58%
Vaututrice
58%
Aéroptéryx
55%
Caratroc
55%
Corboss
55%
Crabaraque
55%
Fragilady
55%
Golemastoc
55%
Miasmax
55%
Moufflair
55%
Cacturne
52%
Cotovol
52%
Farfaduvet
48%
Ninjask
48%
Capidextre
45%
Frison
45%
Gaulet
45%
Papinox
45%
Tutankafer
45%
Scientifique Avaltout
39%
Léopardus
39%
Neitram
39%
Parasect
39%
Aucun quiz correspondant
Distribution des résultats
% des personnes avec chaque résultat
Percentile par nombre de réponses
Votre historique - résultats
Vous n’avez pas pris ce quiz